5HLuxD.jpg

KING HENRY VIII SENIOR AND PRIMARY SCHOOL LIBRARY OPAC

BEAR GRYLLS ADVENTURES,THE CAVE CHALLENGE (Record no. 5313)

000 -LEADER
fixed length control field 00380nam a22001217a 4500
008 - FIXED-LENGTH DATA ELEMENTS--GENERAL INFORMATION
fixed length control field 250904b ||||| |||| 00| 0 eng d
020 ## - INTERNATIONAL STANDARD BOOK NUMBER
International Standard Book Number 9781786960559
082 ## - DEWEY DECIMAL CLASSIFICATION NUMBER
Classification number 823.92 GRY
100 ## - MAIN ENTRY--PERSONAL NAME
Personal name GRYLLS,BEAR
Relator term AUTHOR
Language of a work ENGLISH
245 ## - TITLE STATEMENT
Title BEAR GRYLLS ADVENTURES,THE CAVE CHALLENGE
260 ## - PUBLICATION, DISTRIBUTION, ETC.
Place of publication, distribution, etc. 4TH FLOOR,VICTORIA HOUSE,BLOOMSBURY SQUARE,LONDON WC1B 4DA
Name of publisher, distributor, etc. BEAR GRYLLS
Date of publication, distribution, etc. 2019
942 ## - ADDED ENTRY ELEMENTS (KOHA)
Source of classification or shelving scheme
Holdings
Withdrawn status Lost status Source of classification or shelving scheme Damaged status Not for loan Collection code Permanent Location Current Location Shelving location Date acquired Total Checkouts Full call number Barcode Date last seen Date last checked out Price effective from Koha item type
          Fiction KH8 Primary School Library KH8 Primary School Library Fiction 2025-09-04 2 823.92 GRY KHPL000007126 2025-12-05 2025-10-29 2025-09-04 Books - Fiction

Powered By KH8 IT Dept